000 00675nam a2200217 a 4500
001 41986
003 BD-RjUL
005 20211209053459.0
008 160608s1960 enk 000 0 eng d
035 _a(BD-RjUL)
040 _aDLC
_cTXJ
_dUKM
_dEQO
_dBD-RjUL
_beng
041 _aeng
082 _a327.1
_223
_bMAB 1960
100 1 _aMadariaga, Salvador de,
_d1886-1978.
_9129073
245 1 4 _aThe blowing up of the Parthenon :
_bor How to lose the cold war/
_cSalvador De Madariaga
260 _aLondon :
_bPall Mall Press,
_c[1960]
300 _a93 p. ;
_c19 cm.
650 0 _aInternational relations.
_9129074
650 0 _aWorld politics
_y1945-1955
_9129075
942 _2ddc
_cBK
999 _c41986
_d41986